00327nam a2200121Ia 450000500170000000800410001702000180005808200220007610000260009824500310012426000380015530000120019320250411123007.0231217s9999 xx 000 0 und d a9788177228977 a005.133 KOG;1 R aKogent Solutions Inc. 0aNetBeans 6 in simple steps c2008bDream Tech PressaNew Delhi aix, 246